Extrait du catalogue géneral des instruments pour l'astronomie et la géométrie pratique de la Maison Ing. A. Salmoiraghi de Milan. (Record no. 181029)

MARC details
000 -LEADER
campo de control de longitud fija 00606nam a2200169 i 4500
001 - NÚMERO DE CONTROL
campo de control 181029
003 - IDENTIFICADOR DE NÚMERO DE CONTROL
campo de control ES-MaACL
005 - FECHA Y HORA DE LA ÚLTIMA TRANSACCIÓN
campo de control 20250813035735.0
008 - DATOS DE LONGITUD FIJA--INFORMACIÓN GENERAL
campo de control de longitud fija 121003s1888 it |||| | fre d
100 1# - ENTRADA PRINCIPAL--NOMBRE DE PERSONA
Nombre de persona Salmoiraghi, A.
9 (RLIN) 174745
245 10 - MENCIÓN DEL TÍTULO
Título Extrait du catalogue géneral des instruments pour l'astronomie et la géométrie pratique de la Maison Ing. A. Salmoiraghi de Milan.
260 ## - PUBLICACIÓN, DISTRIBUCIÓN, ETC.
Lugar de publicación, distribución, etc. Milan :
Nombre del editor, distribuidor, etc. A. Salmoiraghi,
Fecha de publicación, distribución, etc. 1888 (
Fabricante A. Lombardi)
300 ## - DESCRIPCIÓN FÍSICA
Extensión 24 p. :
Otras características físicas il. ;
Dimensiones 25 cm.
650 #7 - PUNTO DE ACCESO ADICIONAL DE MATERIA--TÉRMINO DE MATERIA
Término de materia o nombre geográfico como elemento de entrada Astronomía-
Subdivisión general Aparatos e instrumentos
Fuente del encabezamiento o término
9 (RLIN) 170203
852 4# - LOCALIZACIÓN
Ubicación ES-MaACL
Número de control de estantería T-516-F-4
Holdings
Estatus retirado Estado de pérdida Estado de daño No para préstamo Colección Biblioteca de origen Biblioteca actual Ubicación en estantería Fecha de adquisición Fuente de adquisición Total de préstamos Signatura topográfica completa Código de barras Visto por última vez Precio de reemplazo Tipo de ítem Koha
        Colección de folletos Biblioteca del Ateneo de Madrid Biblioteca del Ateneo de Madrid Depósito folletos 03/10/2012     T-516-F-4 1190239 23/02/2023 23/02/2023 Folleto